| 000 | 00000nam 2200000za 4500 |
| 001 | 9.837839 |
| 003 | CaOODSP |
| 005 | 20221107151233 |
| 007 | cr ||||||||||| |
| 008 | 170606s2017 onc ol f000 0 eng d |
| 040 | |aCaOODSP|beng |
| 041 | |aeng|afre |
| 043 | |an-cn--- |
| 086 | 1 |aXB421-357/1-PDF |
| 110 | 1 |aCanada. |bParliament. |bHouse of Commons. |
| 245 | 13|aAn Act to amend the Public Service Superannuation Act (Group 1 contributors) |h[electronic resource] = |bLoi modifiant la Loi sur la pension de la fonction publique (contributeurs du groupe 1). |
| 246 | 31|aLoi modifiant la Loi sur la pension de la fonction publique (contributeurs du groupe 1) |
| 260 | |a[Ottawa] : |bHouse of Commons, |c2017. |
| 300 | |aii, 1 p. |
| 490 | 1 |aBill C-... ; |vBill C-357, 1st session, 42nd Parliament |
| 500 | |aCover title. |
| 500 | |a"First reading, June 5, 2017." |
| 500 | |aPrivate member’s bill: sponsor, Alupa Clarke (Beauport-Limoilou). |
| 520 | |a"This enactment amends the Public Service Superannuation Act to include in Group 1 contributors any employees who elected to count as pensionable service a period of service in the Canadian Forces that began before January 1, 2013”--Summary, p. ii. |
| 546 | |aText in English and French. |
| 610 | 10|aCanada.|tPublic Service Superannuation Act. |
| 692 | 07|2gccst|aPublic service |
| 692 | 07|2gccst|aPensions |
| 692 | 07|2gccst|aRetirement |
| 692 | 07|2gccst|aLegislation |
| 700 | 1 |aClarke, Alupa,|d1986- |
| 792 | |tAn Act to amend the Public Service Superannuation Act (Group 1 contributors) |efre|w(CaOODSP)9.837841 |
| 830 | #0|aBill C-...|vBill C-357, 1st session, 42nd Parliament|w(CaOODSP)9.500659 |
| 856 | 40|qPDF|s163 KB|uhttps://publications.gc.ca/collections/collection_2017/parl/XB421-357-1.pdf |